1733 1344 1398 1752 1400 1505 1153 1728 1289 1196 1187 1174 1224 1203 1681 1229 1182 1890 1302 1821 1922 1177 1028 1215 1150 1900 1388 1620 1102 1397 1571 1196 1200 1335 1729 1204 1481 1726 1288 1828 1352 1777 1803 1353 1219 1688 1376 1545 1972 1078 1035 1350 1666 1027 1016 1393 1583 1108 1567 1290 1210 1577 1863 1162 1001 1533 1524 1553 1960 1143 1435 1344 1706 1404 1914 1059 1672 1710 1758 1367 1113 1796 1785 1827 1930 1720 1506 1383 1516 1485 1481 1554 1180 1686 1136 1698 1955 1887 1842 BCNSPRNW ULIB Ver.6.0+V

เปลี่ยนเป็นภาษาไทย

Change to English
 แสดงรายละเอียดบรรณานุกรม
  กลับหน้าหลัก

Brief Record : Get Marc (ISO 2709) : E-mail record : QR code < ปิดหน้าต่าง
LEADER : 00000nam 2200000uu 4500
001    13399112339
003     ULIB
008    110805s2550||||th 000 0 tha d
020    9789749163648
050  4 LB3045^bถ267ก 2550
100    ถวัลย์ มาศจรัส
245 00 การเขียนรายงานผลงานทางวิชาการ/^cถวัลย์ มาศจรัส
250    พิมพ์ครั้งที่ 2
260    กรุงเทพฯ :^bธารอักษร,^c2550
300    173 หน้า
650  7 การเขียนทางวิชาการ
650  7 ตำรา^xการเขียน
945    ^p200^l0^i027487
945    ^p200^l0^i027488
995    ทศพร
999 ^a ทศพร
รายการนี้ยังไม่มีแท็ก
คุณยังไม่ได้ล็อกอิน คุณสามารถมีกิจกรรมร่วมกับเว็บไซต์ได้ แต่ต้องล็อกอินก่อน ::
  ล็อกอิน

รายการสื่อสารสนเทศ

ลำดับที่ ประเภท เลขเรียก/บาร์โค้ด สถานที่ สถานะ
- ไม่พบข้อมูล -

รายการใกล้เคียง
    ผู้แต่ง [ถวัลย์ มาศจรัส]

    หัวเรื่อง [การเขียนทางวิชาการ]

BibComment


ยังไม่เคยถูกคอมเมนท์

คอมเมนท์ทรัพยากรรายการนี้
  คอมเมนท์: การเขียนรายงานผลง..


 Copyright 2026. Bcnsprnw @Library